[Event "Oasis op"]
[Site "Montreal CAN"]
[Date "2011.02.27"]
[Round "4"]
[White "Morin, Louis"]
[Black "Guo, Forest"]
[Result "1-0"]
[WhiteElo "1903"]
[BlackElo "1884"]
[PlyCount "149"]
[GameId "2160767909795802"]
[EventDate "2011.02.25"]
[EventType "swiss"]
[EventRounds "5"]
[EventCountry "CAN"]

1. e4 c5 2. d4 cxd4 3. c3 dxc3 4. Nxc3 Nc6 5. Nf3 d6 6. Bc4 Nf6 7. e5 Ng4 8. e6 Bxe6 9. Bxe6 fxe6 10. Ng5 Nf6 11. Nxe6 Qd7 12. Qe2 Rc8 13. O-O Ne5 14. f4 Qxe6 15. fxe5 Qxe5 16. Qxe5 dxe5 17. Be3 e6 18. Bxa7 Bc5+ 19. Bxc5 Rxc5 20. Rae1 Ke7 21. Re2 Rf8 22. Ne4 Nxe4 23. Rxe4 Rxf1+ 24. Kxf1 b5 25. b3 Kd6 26. a4 bxa4 27. bxa4 Ra5 28. Kf2 Ra7 29. Ke3 Ke7 30. Kd3 Kd6 31. Kc3 Kd5 32. Rb4 Rc7+ 33. Kd2 e4 34. a5 Ra7 35. Ra4 Ra6 36. Ke3 e5 37. Ra2 h5 38. g3 g6 39. Ra4 Ke6 40. Kxe4 Kd6 41. Ra1 Ke6 42. Ra2 Kd6 43. Rd2+ Kc5 44. Kxe5 Kb4 45. Rd5 Kc4 46. h3 Ra8 47. Ke4 Ra6 48. Rg5 Re6+ 49. Kf4 Kd4 50. Rb5 Ra6 51. Kg5 Ke4 52. Kh4 Ra7 53. Rb4+ Kf5 54. Rf4+ Ke6 55. Kg5 Rxa5+ 56. Kxg6 Ra3 57. g4 hxg4 58. hxg4 Ke7 59. Kg7 Re3 60. g5 Ke8 61. g6 Re2 62. Rf7 Rg2 63. Rf4 Re2 64. Kg8 Ke7 65. g7 Re1 66. Ra4 Re2 67. Ra6 Rh2 68. Ra1 Re2 69. Rh1 Rg2 70. Kh7 Kf7 71. Rf1+ Ke7 72. g8=Q Rh2+ 73. Kg7 Rg2+ 74. Kh8 Rh2+ 75. Qh7+ 1-0

[Event "Oasis op"]
[Site "Montreal CAN"]
[Date "2011.02.27"]
[Round "4"]
[White "Turcotte, Jonathan"]
[Black "Dominique, Vladimir"]
[Result "1-0"]
[WhiteElo "1943"]
[BlackElo "1819"]
[PlyCount "135"]
[GameId "2160767909795805"]
[EventDate "2011.02.25"]
[EventType "swiss"]
[EventRounds "5"]
[EventCountry "CAN"]
[SourceTitle "EXT 2013"]
[Source "ChessBase"]
[SourceDate "2012.11.22"]
[SourceVersion "1"]
[SourceVersionDate "2012.11.22"]
[SourceQuality "1"]

1. d4 d5 2. c4 e6 3. Nc3 Nf6 4. Bg5 Be7 5. e3 Nbd7 6. Nf3 c6 7. Qc2 O-O 8. b3 dxc4 9. Bxc4 Nd5 10. Bxe7 Qxe7 11. O-O Nxc3 12. Qxc3 c5 13. Rac1 b6 14. dxc5 Nxc5 15. b4 Ne4 16. Qe5 Bb7 17. Bd3 Nd6 18. Nd4 Rac8 19. f4 Rxc1 20. Rxc1 Qd7 21. Nb5 Rc8 22. Rxc8+ Nxc8 23. Qd4 Qxd4 24. Nxd4 Nd6 25. g4 g6 26. g5 Nf5 27. Bxf5 exf5 28. Kf2 Kf8 29. Ke2 Ke7 30. Kd3 a6 31. Ne2 f6 32. Kd4 fxg5 33. fxg5 Kd6 34. Nf4 Bc6 35. h4 Bf3 36. Nd3 Bd5 37. a3 Bg8 38. Nf4 Bf7 39. e4 fxe4 40. Kxe4 Be8 41. Kd4 Bf7 42. Nd3 Bg8 43. Nf2 Ke6 44. Ke4 a5 45. Ng4 axb4 46. axb4 Kd6 47. Nf6 Bf7 48. Nxh7 Kc6 49. Kd4 Kb5 50. Kc3 Bd5 51. Nf6 Bf3 52. Kb3 Be2 53. Ne4 Bc4+ 54. Kc3 Bg8 55. Nd2 Bf7 56. Nf3 Bd5 57. Nd4+ Ka4 58. Ne2 Kb5 59. Nf4 Bf7 60. h5 gxh5 61. g6 Ba2 62. Nxh5 Kc6 63. Nf4 Kd6 64. Kd4 Bg8 65. Nh5 Kc6 66. Nf6 Bb3 67. g7 Kd6 68. g8=Q 1-0

[Event "Oasis op"]
[Site "Montreal CAN"]
[Date "2011.02.27"]
[Round "4"]
[White "Voloaca, Mihnea"]
[Black "Zhu, Hong Rui"]
[Result "1-0"]
[WhiteElo "2325"]
[BlackElo "2042"]
[PlyCount "71"]
[GameId "2160767909795806"]
[EventDate "2011.02.25"]
[EventType "swiss"]
[EventRounds "5"]
[EventCountry "CAN"]
[SourceTitle "EXT 2013"]
[Source "ChessBase"]
[SourceDate "2012.11.22"]
[SourceVersion "1"]
[SourceVersionDate "2012.11.22"]
[SourceQuality "1"]

1. d4 d5 2. c4 e6 3. Nc3 Be7 4. Nf3 Nf6 5. Bg5 O-O 6. e3 Nbd7 7. Rc1 a6 8. c5 b6 9. b4 a5 10. c6 axb4 11. cxd7 bxc3 12. dxc8=Q Qxc8 13. Bxf6 gxf6 14. Rc2 Bb4 15. Qb1 c5 16. Bb5 Ra3 17. O-O Qa8 18. Re1 Qa5 19. Bf1 Ra8 20. Ree2 c4 21. Qc1 f5 22. Ne5 f6 23. Nc6 Qa4 24. Nxb4 Qxb4 25. g4 Qe7 26. gxf5 exf5 27. Bh3 Qe4 28. f3 Qxf3 29. Bg2 Qg4 30. Kf1 R3a5 31. Bxd5+ Kh8 32. Rg2 Qh3 33. Bxa8 Rxa8 34. Qe1 Rg8 35. Kg1 Re8 36. Qg3 1-0

[Event "Oasis op"]
[Site "Montreal CAN"]
[Date "2011.02.27"]
[Round "4"]
[White "Wu, Qiyou"]
[Black "Roy, Myriam"]
[Result "1/2-1/2"]
[WhiteElo "1881"]
[BlackElo "2070"]
[PlyCount "75"]
[GameId "2160767909795807"]
[EventDate "2011.02.25"]
[EventType "swiss"]
[EventRounds "5"]
[EventCountry "CAN"]
[SourceTitle "EXT 2013"]
[Source "ChessBase"]
[SourceDate "2012.11.22"]
[SourceVersion "1"]
[SourceVersionDate "2012.11.22"]
[SourceQuality "1"]

1. e4 c6 2. d4 d5 3. exd5 cxd5 4. c4 Nf6 5. Nc3 e6 6. Bg5 Be7 7. Nf3 O-O 8. c5 Nc6 9. Bb5 Ne4 10. Bxe7 Nxe7 11. O-O Ng6 12. Bd3 f5 13. Rc1 Bd7 14. Re1 Qf6 15. Bf1 Rac8 16. b4 b6 17. Na4 Nf4 18. Nb2 bxc5 19. bxc5 Qg6 20. g3 Rb8 21. Ne5 Qg5 22. Nbd3 Nxd3 23. Qxd3 Bb5 24. Qd1 Bxf1 25. Rxf1 f4 26. Qg4 Qh6 27. Qh4 Qxh4 28. gxh4 Rb4 29. Rfd1 Rb2 30. f3 Nf2 31. Rf1 Nh3+ 32. Kh1 Rxa2 33. Ra1 Rd2 34. Rxa7 Rb8 35. c6 Nf2+ 36. Kg1 Nh3+ 37. Kh1 Nf2+ 38. Kg1 1/2-1/2

[Event "Oasis op"]
[Site "Montreal CAN"]
[Date "2011.02.27"]
[Round "4"]
[White "Yun, Chang"]
[Black "Libersan, Thierry"]
[Result "0-1"]
[WhiteElo "1848"]
[BlackElo "2113"]
[PlyCount "50"]
[GameId "2160767909795808"]
[EventDate "2011.02.25"]
[EventType "swiss"]
[EventRounds "5"]
[EventCountry "CAN"]
[SourceTitle "EXT 2013"]
[Source "ChessBase"]
[SourceDate "2012.11.22"]
[SourceVersion "1"]
[SourceVersionDate "2012.11.22"]
[SourceQuality "1"]

1. e4 c5 2. Nf3 d6 3. d4 cxd4 4. Nxd4 Nf6 5. Nc3 a6 6. Be2 e5 7. Nb3 Be7 8. Be3 Be6 9. O-O O-O 10. f4 exf4 11. Bxf4 Nc6 12. Kh1 d5 13. exd5 Nxd5 14. Nxd5 Bxd5 15. Bf3 Bxf3 16. Qxf3 Qd7 17. c3 Rad8 18. Rad1 Qf5 19. Qe2 Rxd1 20. Qxd1 Qb5 21. Qf3 a5 22. Rd1 Rd8 23. Rxd8+ Bxd8 24. Qe3 Qf1+ 25. Qg1 Qxf4 0-1

[Event "Oasis op"]
[Site "Montreal CAN"]
[Date "2011.02.27"]
[Round "5"]
[White "Brucker, Buck"]
[Black "Giroux, Robert"]
[Result "1-0"]
[WhiteElo "2158"]
[BlackElo "1981"]
[PlyCount "65"]
[GameId "2160767909795809"]
[EventDate "2011.02.25"]
[EventType "swiss"]
[EventRounds "5"]
[EventCountry "CAN"]
[SourceTitle "EXT 2013"]
[Source "ChessBase"]
[SourceDate "2012.11.22"]
[SourceVersion "1"]
[SourceVersionDate "2012.11.22"]
[SourceQuality "1"]

1. d4 Nf6 2. Bf4 e6 3. e3 c5 4. Nd2 cxd4 5. exd4 Be7 6. c3 O-O 7. Bd3 d6 8. Ngf3 b6 9. Qe2 Bb7 10. h4 Nbd7 11. O-O-O Re8 12. Ng5 Nf8 13. Ndf3 a6 14. Rh3 Qd7 15. Qc2 Rac8 16. Ne5 dxe5 17. dxe5 Qc7 18. Bh2 Ne4 19. Bxe4 Bxe4 20. Nxe4 Red8 21. Nd6 Bxd6 22. exd6 Qc6 23. Rg3 Qc4 24. Qd2 Qxa2 25. Rxg7+ Kxg7 26. Be5+ Kg8 27. Qh6 Qa1+ 28. Kc2 Qa4+ 29. Kc1 Qa1+ 30. Kc2 Qa4+ 31. Kd2 Qg4 32. Qf6 Rxd6+ 33. Ke3 1-0

[Event "Oasis op"]
[Site "Montreal CAN"]
[Date "2011.02.27"]
[Round "5"]
[White "Cote-Lalumiere, Tristan"]
[Black "Chang, Michael"]
[Result "1/2-1/2"]
[WhiteElo "1851"]
[BlackElo "1604"]
[PlyCount "107"]
[GameId "2160767909795810"]
[EventDate "2011.02.25"]
[EventType "swiss"]
[EventRounds "5"]
[EventCountry "CAN"]
[SourceTitle "EXT 2013"]
[Source "ChessBase"]
[SourceDate "2012.11.22"]
[SourceVersion "1"]
[SourceVersionDate "2012.11.22"]
[SourceQuality "1"]

1. e4 c6 2. d4 d5 3. exd5 cxd5 4. Bd3 Nc6 5. c3 Nf6 6. Bf4 Bg4 7. f3 Bh5 8. Na3 a6 9. Nc2 e6 10. Qe2 Bd6 11. Bg5 Bg6 12. Ne3 Be7 13. g4 Nd7 14. Bf4 b5 15. Bg3 Bxd3 16. Qxd3 h5 17. Ne2 h4 18. Bf2 e5 19. Nxd5 exd4 20. Nxd4 Nde5 21. Qe4 O-O 22. Nxe7+ Qxe7 23. O-O-O Nxd4 24. Bxd4 Ng6 25. Qf5 Qc7 26. Be3 b4 27. Bc5 bxc3 28. Bxf8 cxb2+ 29. Kb1 Rxf8 30. Rd7 Qc3 31. Rhd1 Ne5 32. Rd8 Qc7 33. Qg5 f6 34. Qd2 Rxd8 35. Qxd8+ Qxd8 36. Rxd8+ Kh7 37. Kxb2 Nxf3 38. h3 Kg6 39. Rd3 Ng1 40. Kc3 Kg5 41. Kd2 Nxh3 42. Rxh3 Kxg4 43. Rh1 g5 44. Ke2 h3 45. Kf2 f5 46. Rg1+ Kh4 47. Kf3 g4+ 48. Kf4 h2 49. Rc1 g3 50. Rc7 Kh3 51. Rh7+ Kg2 52. a4 a5 53. Rh5 h1=Q 54. Rxh1 1/2-1/2

[Event "Oasis op"]
[Site "Montreal CAN"]
[Date "2011.02.27"]
[Round "5"]
[White "Dominique, Vladimir"]
[Black "He, Shao Hang"]
[Result "1-0"]
[WhiteElo "1819"]
[BlackElo "1579"]
[PlyCount "75"]
[GameId "2160767909795811"]
[EventDate "2011.02.25"]
[EventType "swiss"]
[EventRounds "5"]
[EventCountry "CAN"]
[SourceTitle "EXT 2013"]
[Source "ChessBase"]
[SourceDate "2012.11.22"]
[SourceVersion "1"]
[SourceVersionDate "2012.11.22"]
[SourceQuality "1"]

1. d4 Nf6 2. c4 e6 3. Nc3 d5 4. Bg5 Be7 5. e3 c6 6. Nf3 Nbd7 7. Rc1 O-O 8. cxd5 cxd5 9. Bd3 a6 10. O-O b5 11. Bb1 Bb7 12. Qd3 Ne4 13. Bxe7 Qxe7 14. Nd2 f5 15. f3 Nef6 16. a3 Rac8 17. Rce1 Nb6 18. e4 fxe4 19. fxe4 dxe4 20. Ndxe4 Nxe4 21. Nxe4 g6 22. Qg3 Nc4 23. Nc5 Rxf1+ 24. Rxf1 Kg7 25. Nxb7 Qxb7 26. Qf2 Qe7 27. Bd3 Rc7 28. h3 Nd6 29. Qf4 Nf5 30. Re1 Rc6 31. Qe5+ Kg8 32. Bxf5 gxf5 33. Qg3+ Kh8 34. Qe5+ Kg8 35. Re3 Rc1+ 36. Kh2 Kf7 37. d5 Qc7 38. d6 1-0

[Event "Oasis op"]
[Site "Montreal CAN"]
[Date "2011.02.27"]
[Round "5"]
[White "Dumont, Felix"]
[Black "Wu, Qiyou"]
[Result "1/2-1/2"]
[WhiteElo "1998"]
[BlackElo "1881"]
[PlyCount "167"]
[GameId "2160767909795812"]
[EventDate "2011.02.25"]
[EventType "swiss"]
[EventRounds "5"]
[EventCountry "CAN"]
[SourceTitle "EXT 2013"]
[Source "ChessBase"]
[SourceDate "2012.11.22"]
[SourceVersion "1"]
[SourceVersionDate "2012.11.22"]
[SourceQuality "1"]

1. e4 c5 2. Nf3 d6 3. c4 Nc6 4. d4 cxd4 5. Nxd4 Nf6 6. Nc3 g6 7. Be2 Nxd4 8. Qxd4 Bg7 9. O-O O-O 10. Bg5 Be6 11. Qd2 Rc8 12. Bxf6 Bxf6 13. Nd5 Bg7 14. Rac1 a6 15. b4 Bd7 16. h3 Bc6 17. b5 Bxd5 18. Qxd5 axb5 19. cxb5 Qb6 20. Qd2 Bd4 21. Bc4 Rfd8 22. a4 Ra8 23. Bb3 Be5 24. Rc2 e6 25. Rfc1 Bd4 26. Rc7 Bc5 27. Re7 d5 28. a5 Qxb5 29. Ba4 Qxa4 30. Rxc5 dxe4 31. Qf4 Qd1+ 32. Kh2 Qd6 33. Qxd6 Rxd6 34. Rxb7 Rda6 35. Rcc7 Rf8 36. Ra7 Rxa7 37. Rxa7 Kg7 38. a6 Kh6 39. Rb7 f5 40. a7 Ra8 41. h4 e5 42. Kg1 f4 43. Kf1 f3 44. g4 Rc8 45. Ke1 Rc1+ 46. Kd2 Ra1 47. Rf7 Ra2+ 48. Kc3 g5 49. h5 e3 50. fxe3 f2 51. Rxf2 Rxa7 52. Rf6+ Kg7 53. Rf5 Kh6 54. Rxe5 Ra4 55. e4 Ra3+ 56. Kd4 Rg3 57. Re6+ Kg7 58. Ke5 Rxg4 59. Kf5 Rg1 60. Ra6 g4 61. h6+ Kf8 62. Ra8+ Kf7 63. Ra7+ Kf8 64. Rxh7 g3 65. Rg7 g2 66. Ke5 Rh1 67. Rxg2 Rxh6 68. Ra2 Ke7 69. Ra7+ Ke8 70. Kd5 Rg6 71. e5 Rh6 72. Ra8+ Ke7 73. Ra7+ Ke8 74. Rb7 Ra6 75. Rc7 Rh6 76. Rc6 Rxc6 77. Kxc6 Ke7 78. Kc5 Ke6 79. Kd4 Kd7 80. Kd5 Ke7 81. e6 Ke8 82. Kd6 Kd8 83. e7+ Ke8 84. Ke6 1/2-1/2

[Event "Oasis op"]
[Site "Montreal CAN"]
[Date "2011.02.27"]
[Round "5"]
[White "Gagnon, Serge"]
[Black "Morin, Louis"]
[Result "1-0"]
[WhiteElo "2061"]
[BlackElo "1903"]
[PlyCount "115"]
[GameId "2160767909795813"]
[EventDate "2011.02.25"]
[EventType "swiss"]
[EventRounds "5"]
[EventCountry "CAN"]
[SourceTitle "EXT 2013"]
[Source "ChessBase"]
[SourceDate "2012.11.22"]
[SourceVersion "1"]
[SourceVersionDate "2012.11.22"]
[SourceQuality "1"]

1. d4 e5 2. dxe5 Nc6 3. Nf3 Qe7 4. Qd5 Qe6 5. Qxe6+ dxe6 6. e4 Bd7 7. c3 Nge7 8. Be3 h6 9. h4 g6 10. Nbd2 Bg7 11. Bd4 O-O 12. Nb3 b6 13. O-O-O Rad8 14. Be2 Nb8 15. Nfd2 c5 16. Be3 Bc6 17. f4 Rd7 18. Bf3 Rfd8 19. Nc4 Rxd1+ 20. Rxd1 Rxd1+ 21. Kxd1 Nd7 22. Nbd2 Kf8 23. Ke2 Bb5 24. Kf2 Bxc4 25. Nxc4 Nc6 26. Be2 Ke7 27. a4 Bf8 28. h5 Bg7 29. hxg6 fxg6 30. Nd6 Bf8 31. Bb5 Ndb8 32. Kf3 Bg7 33. Ke2 Bf8 34. Nc4 Kd7 35. Bf2 Be7 36. Ne3 h5 37. g4 Kc7 38. Kf3 Nd7 39. gxh5 gxh5 40. Kg3 Kb7 41. Be2 a6 42. Bxh5 b5 43. axb5 axb5 44. Bf7 Nd8 45. Be8 Kc8 46. Kg4 Nc6 47. Kh5 Kd8 48. Bf7 Ndxe5 49. fxe5 Nxe5 50. Bxe6 Nd3 51. Bg3 Nxb2 52. Nd5 b4 53. cxb4 cxb4 54. Kg6 Nd3 55. Kf7 Ne5+ 56. Bxe5 Bd6 57. Bxd6 b3 58. Be7# 1-0

[Event "Oasis op"]
[Site "Montreal CAN"]
[Date "2011.02.27"]
[Round "5"]
[White "Gauthier, Jeremie"]
[Black "Lalumiere, Claude"]
[Result "0-1"]
[WhiteElo "1271"]
[BlackElo "1985"]
[PlyCount "146"]
[GameId "2160767909795814"]
[EventDate "2011.02.25"]
[EventType "swiss"]
[EventRounds "5"]
[EventCountry "CAN"]
[SourceTitle "EXT 2013"]
[Source "ChessBase"]
[SourceDate "2012.11.22"]
[SourceVersion "1"]
[SourceVersionDate "2012.11.22"]
[SourceQuality "1"]

1. e4 c5 2. Nf3 d6 3. d4 cxd4 4. Nxd4 Nf6 5. Nc3 g6 6. Bc4 Nc6 7. Nxc6 bxc6 8. e5 Nh5 9. Qf3 e6 10. g4 Ng7 11. Bg5 Qb6 12. O-O-O d5 13. Qf6 Bb7 14. Bh6 Rg8 15. Bb3 Be7 16. Qf4 Qc7 17. Bg5 h5 18. h3 a6 19. Ne2 O-O-O 20. Bxe7 Qxe7 21. Rd2 Rd7 22. Rhd1 Rc7 23. Kb1 hxg4 24. hxg4 Rh8 25. c4 Rh3 26. cxd5 cxd5 27. Qd4 Kb8 28. Rc1 Ne8 29. Rdc2 Rxc2 30. Rxc2 Nc7 31. f4 Nb5 32. Qc5 Rh1+ 33. Nc1 Qxc5 34. Rxc5 Rf1 35. a4 Nd4 36. Rc3 Nxb3 37. Rxb3 Rxf4 38. Rg3 Bc6 39. b3 Rf2 40. Rc3 Kb7 41. Rc2 Rf1 42. Rg2 Re1 43. Re2 Rg1 44. Rf2 Be8 45. Rf4 Re1 46. Kc2 Rxe5 47. Nd3 Re2+ 48. Kc3 a5 49. Rd4 Ka6 50. Nf4 Re3+ 51. Nd3 Bc6 52. Rf4 e5 53. Rf6 Kb6 54. Kd2 Re4 55. Rxf7 Rxg4 56. Nxe5 Rg2+ 57. Kc3 Rg3+ 58. Kc2 Rg5 59. Re7 Kc5 60. Nd3+ Kd6 61. Re3 d4 62. Re1 Rg2+ 63. Kc1 g5 64. Kd1 Bd5 65. b4 Bb3+ 66. Kc1 axb4 67. Nxb4 Bxa4 68. Nd3 Bb5 69. Nb2 Kd5 70. Rd1 g4 71. Nd3 Ke4 72. Ne1 Ra2 73. Rd2 Ra1+ 0-1

[Event "Oasis op"]
[Site "Montreal CAN"]
[Date "2011.02.27"]
[Round "5"]
[White "Jiang, Louie"]
[Black "Plante, Michel"]
[Result "1-0"]
[WhiteElo "2340"]
[BlackElo "2128"]
[PlyCount "81"]
[GameId "2160767909795815"]
[EventDate "2011.02.25"]
[EventType "swiss"]
[EventRounds "5"]
[EventCountry "CAN"]
[SourceTitle "EXT 2013"]
[Source "ChessBase"]
[SourceDate "2012.11.22"]
[SourceVersion "1"]
[SourceVersionDate "2012.11.22"]
[SourceQuality "1"]

1. e4 d6 2. d4 Nf6 3. Nc3 e5 4. Nf3 Nbd7 5. Bc4 Be7 6. O-O O-O 7. Qe2 exd4 8. Nxd4 Ne5 9. Rd1 Nxc4 10. Qxc4 Nxe4 11. Nxe4 d5 12. Qe2 dxe4 13. Ne6 Qxd1+ 14. Qxd1 Bxe6 15. Bf4 Bf6 16. c3 c6 17. Qe2 Rfe8 18. h3 Rad8 19. Qe3 a6 20. Bc7 Rd7 21. Bb6 Bd8 22. Bd4 f5 23. b3 Bc7 24. Re1 b5 25. Qg5 Rf7 26. Kh1 a5 27. Qc1 Rd8 28. Qe3 a4 29. bxa4 bxa4 30. a3 Rb8 31. Qe2 Rb5 32. f3 Re7 33. fxe4 Bd5 34. c4 Rxe4 35. cxb5 Rxe2 36. Rxe2 cxb5 37. Re7 Bd6 38. Rxg7+ Kf8 39. Rd7 Bxg2+ 40. Kxg2 Bxa3 41. Rb7 1-0

[Event "Oasis op"]
[Site "Montreal CAN"]
[Date "2011.02.27"]
[Round "5"]
[White "Lepine, Cedric"]
[Black "Yun, Chang"]
[Result "1/2-1/2"]
[WhiteElo "1957"]
[BlackElo "1848"]
[PlyCount "128"]
[GameId "2160767909795817"]
[EventDate "2011.02.25"]
[EventType "swiss"]
[EventRounds "5"]
[EventCountry "CAN"]
[SourceTitle "EXT 2013"]
[Source "ChessBase"]
[SourceDate "2012.11.22"]
[SourceVersion "1"]
[SourceVersionDate "2012.11.22"]
[SourceQuality "1"]

1. d4 Nf6 2. c4 g6 3. Nc3 Bg7 4. e4 d6 5. f4 O-O 6. Nf3 c5 7. d5 e6 8. Be2 exd5 9. cxd5 Bg4 10. O-O Bxf3 11. Bxf3 Nbd7 12. Be3 Re8 13. Bf2 a6 14. a4 b6 15. Re1 Rb8 16. Bg3 Nf8 17. e5 N6d7 18. exd6 Qf6 19. Qd3 Qxd6 20. Qxa6 f5 21. Rxe8 Bd4+ 22. Kh1 Rxe8 23. Nb5 Qf6 24. Nxd4 Qxd4 25. Qb5 Nf6 26. Rd1 Qe3 27. Qxb6 Ne4 28. Bxe4 Rxe4 29. d6 Rc4 30. h3 Qxg3 31. d7 Rc2 32. Rg1 Nxd7 33. Qd6 Kg7 34. Qxd7+ Kh6 35. Qd6 Rf2 36. a5 Qxf4 37. Qxf4+ Rxf4 38. Ra1 Rb4 39. a6 Rb8 40. a7 Ra8 41. g3 Kg5 42. Kg2 Kf6 43. Kf3 Ke5 44. h4 Kd4 45. Ra3 c4 46. Kf4 h6 47. h5 gxh5 48. Kxf5 Kc5 49. Kg6 h4 50. gxh4 Kb4 51. Kxh6 c3 52. Rxc3 Rxa7 53. Rf3 Ra2 54. h5 Rxb2 55. Kg7 Rg2+ 56. Kh7 Kc5 57. h6 Kd6 58. Rf6+ Ke7 59. Rg6 Rf2 60. Ra6 Kf8 61. Ra5 Kf7 62. Rg5 Kf8 63. Kg6 Kg8 64. Rh5 Rg2+ 1/2-1/2

[Event "Oasis op"]
[Site "Montreal CAN"]
[Date "2011.02.27"]
[Round "5"]
[White "Roy, Myriam"]
[Black "Lemieux, Serge"]
[Result "1-0"]
[WhiteElo "2070"]
[BlackElo "1554"]
[PlyCount "77"]
[GameId "2160767909795819"]
[EventDate "2011.02.25"]
[EventType "swiss"]
[EventRounds "5"]
[EventCountry "CAN"]
[SourceTitle "EXT 2013"]
[Source "ChessBase"]
[SourceDate "2012.11.22"]
[SourceVersion "1"]
[SourceVersionDate "2012.11.22"]
[SourceQuality "1"]

1. e4 e6 2. d4 d5 3. exd5 exd5 4. c4 Bb4+ 5. Nc3 Qe7+ 6. Be3 Nf6 7. Be2 Ne4 8. Rc1 Be6 9. Nf3 c6 10. cxd5 Bxd5 11. O-O Nxc3 12. bxc3 Bd6 13. c4 Be4 14. Qb3 h6 15. Kh1 b6 16. Rfd1 Nd7 17. Qc3 O-O 18. h3 Bb4 19. Qb3 a5 20. a4 Rfe8 21. Nh2 Rac8 22. Bf3 Nf6 23. Bxe4 Nxe4 24. Nf3 c5 25. d5 Nd6 26. Bf4 g5 27. Be5 f6 28. Bxd6 Qxd6 29. Qd3 Kg7 30. Rc2 Re7 31. Re2 Rce8 32. Rxe7+ Rxe7 33. Nh2 h5 34. Nf1 Qd7 35. Ng3 Re5 36. Nxh5+ Kf8 37. Nxf6 Qxa4 38. Kh2 Qa3 39. Nd7+ 1-0

[Event "Oasis op"]
[Site "Montreal CAN"]
[Date "2011.02.27"]
[Round "5"]
[White "Zhu, Hong Rui"]
[Black "Carrier, Claude"]
[Result "0-1"]
[WhiteElo "2042"]
[BlackElo "1937"]
[PlyCount "102"]
[GameId "2160767909795821"]
[EventDate "2011.02.25"]
[EventType "swiss"]
[EventRounds "5"]
[EventCountry "CAN"]
[SourceTitle "EXT 2013"]
[Source "ChessBase"]
[SourceDate "2012.11.22"]
[SourceVersion "1"]
[SourceVersionDate "2012.11.22"]
[SourceQuality "1"]

1. e4 c5 2. Nf3 e6 3. d4 cxd4 4. Nxd4 Nf6 5. Bd3 a6 6. a4 d6 7. O-O Be7 8. Be3 O-O 9. c3 b6 10. f4 Bb7 11. Nd2 Nbd7 12. b4 Nc5 13. bxc5 dxc5 14. Qb1 Ng4 15. Qe1 Nxe3 16. Qxe3 cxd4 17. cxd4 e5 18. Nc4 exf4 19. Qf2 f5 20. e5 Be4 21. Rad1 b5 22. Nb2 Bh4 23. g3 fxg3 24. hxg3 Bg5 25. axb5 Bxd3 26. Nxd3 axb5 27. Nf4 Ra3 28. Qg2 Qb6 29. Rf3 Ra4 30. Rfd3 Bxf4 31. gxf4 Rd8 32. Qb2 Qg6+ 33. Qg2 Qb6 34. Qb2 Kh8 35. Kh1 Rda8 36. Qh2 Ra2 37. R1d2 Qc6+ 38. Qg2 Rxd2 39. Rxd2 Ra1+ 40. Kh2 Qh6+ 41. Kg3 Ra3+ 42. Kf2 Qxf4+ 43. Ke1 Ra1+ 44. Ke2 Qxd2+ 45. Kxd2 Ra2+ 46. Ke3 Rxg2 47. e6 Rg6 48. d5 Kg8 49. Kd4 Kf8 50. Kc5 Rxe6 51. dxe6 Ke7 0-1

[Event "Ontario op"]
[Site "Hamilton CAN"]
[Date "2011.05.21"]
[Round "2"]
[White "Drkulec, Vladimir"]
[Black "Grigorescu, Laurentiu"]
[Result "0-1"]
[WhiteElo "2189"]
[BlackElo "2091"]
[PlyCount "60"]
[GameId "2160767909704281"]
[EventDate "2011.05.21"]
[EventType "swiss"]
[EventRounds "6"]
[EventCountry "CAN"]
[SourceTitle "hb 2012"]

1. d4 Nf6 2. c4 d6 3. Nc3 Nbd7 4. Nf3 g6 5. g3 Bg7 6. Bg2 O-O 7. O-O c6 8. e4 e5 9. h3 Re8 10. d5 cxd5 11. cxd5 Nc5 12. Qc2 a5 13. Be3 b6 14. Rfe1 Bd7 15. Nd2 Rc8 16. g4 b5 17. Bxc5 Rxc5 18. Qd3 Bh6 19. Red1 b4 20. Nb3 Rc8 21. Ne2 Qb6 22. a3 bxa3 23. Rxa3 a4 24. Qf3 Bg5 25. Nd2 Qxb2 26. Nb1 h5 27. gxh5 Nxh5 28. Ng3 Rc4 29. Bf1 Rd4 30. Bd3 Nf4 0-1

[Event "Ontario op"]
[Site "Hamilton CAN"]
[Date "2011.05.22"]
[Round "3"]
[White "Gibson, Kevin"]
[Black "Zhang, Zhiyuan"]
[Result "1/2-1/2"]
[WhiteElo "2220"]
[BlackElo "2117"]
[PlyCount "130"]
[GameId "2160767909704284"]
[EventDate "2011.05.21"]
[EventType "swiss"]
[EventRounds "6"]
[EventCountry "CAN"]
[SourceTitle "hb 2012"]

1. d4 d5 2. Nf3 Nf6 3. c4 c6 4. e3 g6 5. Nc3 Bg7 6. b3 O-O 7. Bb2 Re8 8. Bd3 Bf5 9. O-O Bxd3 10. Qxd3 e6 11. e4 dxe4 12. Nxe4 Nxe4 13. Qxe4 Nd7 14. Rad1 Nf6 15. Qc2 Qc7 16. Rfe1 Rad8 17. Rd2 Rc8 18. g3 Red8 19. Red1 b6 20. Rd3 a6 21. Qe2 Qb7 22. Bc3 Qc7 23. Bd2 Nh5 24. Bg5 Bf6 25. Bxf6 Nxf6 26. Ne5 Nd7 27. f4 Nxe5 28. dxe5 Kf8 29. Rd6 c5 30. Qf3 Rxd6 31. exd6 Qd7 32. Qc3 Kg8 33. Qf6 Rd8 34. Qe5 a5 35. Kf2 f5 36. a3 Kf7 37. h3 Rg8 38. g4 Re8 39. Rd3 Rd8 40. g5 Kg8 41. h4 Re8 42. Qc3 Rd8 43. Qf6 Rf8 44. Qe5 Rd8 45. Qe2 Kf7 46. h5 Qe8 47. Kg1 Qh8 48. Qf3 Rd7 49. Rd1 Qd8 50. hxg6+ Kxg6 51. Qc6 h6 52. Kf2 hxg5 53. fxg5 e5 54. Qd5 Qe8 55. Rh1 e4 56. Rh6+ Kxg5 57. Re6 e3+ 58. Kxe3 Qh5 59. Qd2 f4+ 60. Ke4 Qh7+ 61. Kd5 Qh1+ 62. Ke5 Qh8+ 63. Ke4 Qh7+ 64. Kd5 Qh1+ 65. Ke5 Qh8+ 1/2-1/2

[Event "Ontario op"]
[Site "Hamilton CAN"]
[Date "2011.05.22"]
[Round "3"]
[White "Jung, Hans"]
[Black "Ferreira, Alex"]
[Result "1-0"]
[WhiteElo "2301"]
[BlackElo "2134"]
[PlyCount "93"]
[GameId "2160767909704285"]
[EventDate "2011.05.21"]
[EventType "swiss"]
[EventRounds "6"]
[EventCountry "CAN"]
[SourceTitle "EXT 2022"]
[Source "ChessBase"]
[SourceDate "2021.10.06"]
[SourceVersion "1"]
[SourceVersionDate "2021.10.06"]
[SourceQuality "1"]

1. Nc3 d5 2. e4 dxe4 3. Nxe4 Nf6 4. Nxf6+ exf6 5. d4 Bd6 6. Bb5+ Bd7 7. Qe2+ Qe7 8. Bxd7+ Nxd7 9. Qxe7+ Kxe7 10. Ne2 Rhe8 11. Be3 Nb6 12. O-O-O Nc4 13. Bf4 Kd7 14. Bxd6 Rxe2 15. Bg3 f5 16. b3 Nd6 17. Rd2 Re7 18. f3 Rae8 19. c4 f6 20. d5 g5 21. c5 Nf7 22. Rhd1 f4 23. Bf2 c6 24. b4 Re2 25. a4 a6 26. dxc6+ Kxc6 27. Rxe2 Rxe2 28. Rd2 Rxd2 29. Kxd2 Kd5 30. b5 axb5 31. axb5 Ne5 32. Kc3 Nc4 33. Kb4 Ne5 34. c6 bxc6 35. b6 c5+ 36. Kb5 c4 37. b7 Nd7 38. Be1 Kd4 39. Kc6 Nb8+ 40. Kd6 h5 41. Ke6 g4 42. Bd2 gxf3 43. gxf3 Nc6 44. Kd6 Nb8 45. Bxf4 Kc3 46. Kc7 Na6+ 47. Kb6 1-0

[Event "Ontario op"]
[Site "Hamilton CAN"]
[Date "2011.05.22"]
[Round "3"]
[White "Nicholson, Matthew"]
[Black "Fiedler, Brian"]
[Result "1/2-1/2"]
[WhiteElo "2052"]
[BlackElo "2129"]
[PlyCount "37"]
[GameId "2160767909704286"]
[EventDate "2011.05.21"]
[EventType "swiss"]
[EventRounds "6"]
[EventCountry "CAN"]
[SourceTitle "hb 2012"]

1. e4 e6 2. d4 d5 3. Nc3 Nf6 4. e5 Nfd7 5. f4 c5 6. Nf3 Nc6 7. Be3 Be7 8. Be2 O-O 9. O-O b6 10. Kh1 f6 11. f5 cxd4 12. fxe6 Ndxe5 13. Nxd4 Nxd4 14. Qxd4 Bxe6 15. Rad1 Bc5 16. Qd2 Bb4 17. Bd4 Rc8 18. Ba6 Rc7 19. Rfe1 1/2-1/2